Catálogo
 En Linea

Los pobres / (Registro nro. 14527)

Detalles MARC
000 -CABECERA
campo de control de longitud fija 00629cam a2200205 a 4500
001 - NÚMERO DE CONTROL
campo de control 000014947
005 - FECHA Y HORA DE LA ÚLTIMA TRANSACCIÓN
campo de control 20200929163929.0
008 - DATOS DE LONGITUD FIJA--INFORMACIÓN GENERAL
campo de control de longitud fija 841123s2001 ho ac 001 0 spa
040 ## - FUENTE DE LA CATALOGACIÓN
Centro catalogador/agencia de origen DO-SdBNP
Centro/agencia transcriptor DLC
Centro/agencia modificador DLC
082 ## - NÚMERO DE LA CLASIFICACIÓN DECIMAL DEWEY
Número de clasificación H861.44
Número de documento/Ítem S715p, 2001
049 ## - FONDOS LOCALES (OCLC)
Fondos de biblioteca BNGR
100 1# - ENTRADA PRINCIPAL--NOMBRE DE PERSONA
Nombre de persona Sosa, Roberto,
Fechas asociadas al nombre 1930-
9 (RLIN) 24988
245 14 - MENCIÓN DE TÍTULO
Título Los pobres /
Mención de responsabilidad, etc. Roberto Sosa.
250 ## - MENCIÓN DE EDICIÓN
Mención de edición 8a ed.
260 ## - PUBLICACIÓN, DISTRIBUCIÓN, ETC.
Lugar de publicación, distribución, etc. Tegucigalpa, D.C., Honduras :
Nombre del editor, distribuidor, etc. Secretaría de Cultura, Arte y Deporte,
Fecha de publicación, distribución, etc. 2001.
300 ## - DESCRIPCIÓN FÍSICA
Extensión 80 p. :
Otras características físicas il., retrs. ;
Dimensiones 19 cm.
650 #4 - PUNTO DE ACCESO ADICIONAL DE MATERIA--TÉRMINO DE MATERIA
Término de materia o nombre geográfico como elemento de entrada Poesía hondureña
9 (RLIN) 16914
650 #4 - PUNTO DE ACCESO ADICIONAL DE MATERIA--TÉRMINO DE MATERIA
Término de materia o nombre geográfico como elemento de entrada Literatura hondureña
9 (RLIN) 836
910 ## - DATOS DE OPCIÓN DEL USUARIO (OCLC)
Datos de opción del usuario Catalogación derivada
Existencias
Estado de retiro Estado de pérdida Restricciones de uso No para préstamo Código de colección Localización permanente Ubicación/localización actual Ubicación en estantería Fecha de adquisición Número de inventario Total de préstamos Signatura topográfica completa Código de barras Fecha visto por última vez Precio válido a partir de Tipo de ítem Koha
      Excluido de préstamo Monografías: Libros y Folletos General General En catalogación 27.01.2010 LF1   H861.44 S715p, 2001 14947-10 25.06.2020 25.06.2020 No se presta

Con tecnología Koha